| 000 | 01019cab a2200313 4500 | ||
|---|---|---|---|
| 001 | ABS51169 | ||
| 008 | 090401t1994 xxu||||| |||| 00| 0 eng d | ||
| 035 | _a(Sirsi) u13648 | ||
| 041 | _aeng | ||
| 100 | _aFearne, A. | ||
| 245 | 3 | _aAn economic analysis of the impact of set-aside on arable farming in France, Germany and the UK | |
| 260 | _c1994 | ||
| 350 | _a0 | ||
| 490 |
_aFarm Management _v8(10) Summer 1994, 453-465(13) |
||
| 520 | _aPresents estimates of the impact of the current European Union set-aside scheme on crop areas and gross margins, using linear programming models of specialist cereal farms. Examines the situation in France, Germany and the UK. | ||
| 650 | _aCAP REFORM | ||
| 650 | _aCEREALS REGIME | ||
| 650 | _aFRANCE | ||
| 650 | _aGERMANY | ||
| 650 | _aLINEAR PROGRAMMING | ||
| 650 | _aSET-ASIDE | ||
| 650 | _aUNITED KINGDOM | ||
| 690 | _aRURAL PRACTICE | ||
| 700 | _aLingard, J. | ||
| 700 | _aTiffin R., | ||
| 700 | _aBarnes, D. | ||
| 942 | _n0 | ||
| 948 | _c04/03/1997 | ||
| 999 |
_c8786 _d8786 |
||